000 00577nam a2200229Ia 4500
001 12618
003 GE_BSU
008 181216s||||||||xx |||||||||||||| ||und||
040 _cGE_BSU
080 _a634.1(075)
100 _aБелохонов,И.В.
245 _aПлодоводство
245 _bУчебник
245 _cРед.Г.Д.Каплан.
260 _aМосква
260 _bСельхозгиз
260 _c1955
300 _a582стр.21см.
300 _eПриложение с.561
653 _aПлодоводство
942 _cBK
999 _c45790
_d45790